000 01166cam a22002771i 4500
003 SA-RiAUC
005 20241017081106.0
008 241017s1986 su g i00010 ara c
020 _z091246304
040 _aSA-EnSBSSC
_bara
_cSA-RiAUC
_erda
050 4 _bI7488. 1986
082 0 4 _a214
_qSA-RiAUC
090 _a214
_bم ع هـ
110 2 _aالمعهد العالمي للفكر الإسلامي.
_bمكتب الرياض
_eمؤلف.
245 1 0 _aإسلامية المعرفة :
_bالمبادئ العامة-خطة العمل-الإنجازات /
_cمكتب الرياض، المعهد العالمي للفكر الإسلامي.
264 1 _aالرياض ؛
_aواشنطن :
_bالمعهد العالمي للفكر الإسلامي،
_c1986
300 _a227 صفحة ؛
_c24 سم.
336 _aنص
_btxt
_2rdacontent
_3كتاب
337 _aبدون وسيط
_bn
_2rdamedia
338 _aمجلد
_bnc
_2rdacarrier
490 0 _aإسلامية المعرفة ؛
_v1
650 7 _aالإسلام والمعرفة
_2aucsh
650 7 _aالإسلام والعلوم
_2aucsh
942 _2ddc
_cBOOK
_n0
949 _aSA-JeALM
_d241017
_umohamedma123
_n1
999 _c1455
_d1455